000 00395nam a2200157Ia 4500
008 230125s9999 xx 000 0 und d
020 _a978-81-7446-572-6
041 _aeng
082 _a658.152
_bMIS
100 _aMishra B
_9109569
245 _aFinancial Derivatives
260 _c2007
_bExcel Books
_aNew Delhi
300 _a246p
700 _aMishra B & Debasish S S
_9109570
906 _b97
999 _c86260
_d86260